00430nam a2200157Ia 4500008004100000020001500041041001200056082001600068100001500084245008200099260003200181300000900213650001400222700001700236700001900253221030s9999 xx 000 0 und d a8188646008 aEnglish a105.23bPur aB. R. Puri 0aPrinciples of Physical Chemistrycby B. R. Puri, L. R. Sharma, M. S. Pathania bVishal PubaJalandharc2004 a1076 aChemistry aL. R. Sharma aM. S. Pathania